| 000 | 01838nam a2200265Ia 4500 | ||
|---|---|---|---|
| 008 | 260220t1985||||xx |||||||||||||| ||spa|| | ||
| 040 |
_aPY-SlUNAC _bspa _erda |
||
| 041 | _aspa | ||
| 082 |
_a543.08 _bSko55a |
||
| 100 |
_aSkoog, Douglas A. _eAutor |
||
| 245 | 0 |
_aAnálisis instrumental / _cpor Douglas A. Skoog [Autor] y Donald M. West [Autor] |
|
| 250 | _aSegunda edición | ||
| 264 |
_aCiudad de México : _bInteramericana, _c℗1985. |
||
| 300 | _a1 volumen | ||
| 520 | _aEl libro "Análisis instrumental" de Douglas A. Skoog es una obra fundamental en el ámbito de la química analítica, que aborda de manera exhaustiva las técnicas y metodologías utilizadas para el análisis de sustancias mediante instrumentos. Skoog presenta una introducción clara a los principios teóricos detrás de los métodos analíticos, incluyendo la espectroscopía, cromatografía y electroquímica, entre otros. A lo largo del texto, se enfatiza la importancia de la calibración, el tratamiento de datos y la interpretación de resultados, lo que permite a los lectores comprender no solo el "cómo", sino también el "por qué" detrás de cada técnica. Además, se incluyen ejemplos prácticos y estudios de caso que ilustran la aplicación de estos métodos en situaciones reales de laboratorio. La obra es un recurso valioso tanto para estudiantes como para profesionales en el campo, proporcionando una base sólida para la comprensión y aplicación del análisis instrumental en diversas áreas de la ciencia. | ||
| 653 | _aAnálisis instrumental | ||
| 653 | _aMétodos de laboratorio | ||
| 653 | _aQuímica analítica | ||
| 700 |
_aWest, Donald M. _eAutor |
||
| 942 |
_b2026/02/17 _cBK |
||
| 999 |
_c7899 _d7899 |
||